| 000 | 00583nam a22002177a 4500 | ||
|---|---|---|---|
| 003 | Ost | ||
| 005 | 20250327155801.0 | ||
| 008 | 250327b |||||||| |||| 00| 0 eng d | ||
| 020 | _a0125769024 | ||
| 040 | _cBT-PhCST | ||
| 050 | _a25345 | ||
| 082 |
_222 _a551.8 _bRAM |
||
| 100 | _aRamsay, John G. | ||
| 245 |
_aThe techniques of modern structural geology : _bfolds and fractures / |
||
| 260 |
_aLondon ; _bAcademic Press, _cc1987 |
||
| 300 |
_axi, 700 p. : _bill. ; _c30 cm. |
||
| 440 | _vVol 2 | ||
| 500 | _aincludes index | ||
| 700 | _aHuber, Martin I. | ||
| 942 |
_2ddc _cGEOLOGY |
||
| 999 |
_c9952 _d9952 |
||